العرض المسرحي النسائي بين الثقافات / (Record no. 15791)
[ view plain ]
| 000 -الفاتح | |
|---|---|
| حقل البيانات ثابتة الطول | 01505nam a22003257a 4500 |
| 003 - محدد رقم الضبط | |
| رقم الضبط | EG-ScBUE |
| 005 - وقت وتاريخ اخر تعامل مع التسجيلة | |
| رقم الضبط | 20221116022705.0 |
| 008 - عناصر البيانات ثابتة الطول - معلومات عامة | |
| حقل البيانات ثابتة الطول | 110804s2004 ua o f b 000 0 ara d |
| 017 ## - رقم الإيداع القانونى | |
| رقم الإيداع القانونى | 2004 / 14396 |
| 020 ## - الرقم الدولى المعيارى للكتب | |
| الرقم الدولى المعيارى للكتاب | 9773057585 |
| 040 ## - مصدر الفهرسة | |
| وكالة الفهرسة الأصلية | EG-ScBUE |
| لغة الفهرسة | ara |
| قواعد الوصف | rda |
| وكالة النسخ | EG-ScBUE |
| وكالة التعديل | EG-ScBUE |
| 041 1# - رمز اللغة | |
| رمز لغة النص/ المسارات الصوتية أو العنوان الانفرادي | ara |
| رمز لغة الترجمات و/او الاصلية المتوسطة للنص | eng |
| 082 04 - رقم تصنيف ديوى العشرى | |
| رقم الطبعة | 22 |
| رقم التصنيف | 791.082 |
| رقم المادة | هـ و ل |
| 100 1# - المدخل الرئيسى - إسم شخصى | |
| 9 (RLIN) | 26588 |
| الإسم الشخصى | هوليدج، جولي، |
| التواريخ المصاحبة للاسم | 1950- |
| الدور | مؤلف. |
| 240 10 - العنوان الموحد | |
| عنوان موحد | Women's intercultural performance. |
| لغة العمل | Arabic |
| 245 12 - بيان العنوان | |
| العنوان | العرض المسرحي النسائي بين الثقافات / |
| بيان المسئوليه,etc | تأليف جولي هوليدج، جوان تومبكينز ؛ ترجمة د. محمود كامل، مركز اللغات والترجمة، أكاديمية الفنون ؛ مراجعة أ. د. نبيل راغب. |
| 264 #1 - النشر، التوزيع | |
| مكان الناشر او الموزع | القاهرة : |
| اسم الناشر او الموزع | وزارة الثقافة، |
| تاريخ النشر أو التوزيع | [2004] |
| 300 ## - الوصف المادى | |
| التعداد | 314 صفحة : |
| تفاصيل ماديه اخرى للوعاء | صور ؛ |
| أبعاد الوعاء | 24 سم |
| 504 ## - تبصرة ببليوجرافية | |
| تبصرة ببليوجرافية,الخ | يشتمل على إرجاعات ببليوجرافية. |
| 546 ## - تبصرة اللغة | |
| تبصرة اللغة | النص باللغة العربية وتم ترجمته من اللغة الإنجليزية. |
| 650 #7 - المدخل الاضافى بالموضوع-مصطلح موضوعى | |
| 9 (RLIN) | 14915 |
| مصطلح موضوعي أو اسم جغرافي كعنصر مدخل | المسرح. |
| مصدر الرأس أو المصطلح | BUEsh |
| 650 #7 - المدخل الاضافى بالموضوع-مصطلح موضوعى | |
| 9 (RLIN) | 21256 |
| مصطلح موضوعي أو اسم جغرافي كعنصر مدخل | العلاقات الثقافية. |
| مصدر الرأس أو المصطلح | BUEsh |
| 650 #7 - المدخل الاضافى بالموضوع-مصطلح موضوعى | |
| 9 (RLIN) | 26592 |
| مصطلح موضوعي أو اسم جغرافي كعنصر مدخل | المرأة في الفن. |
| مصدر الرأس أو المصطلح | BUEsh |
| 653 ## - مصطلح تكشيفى غير مقيد | |
| Arrived date list | August2011 |
| Resource For college | Arts and Design |
| 655 ## - مصطلح تكشيفى-نوع/شكل | |
| التقسيم الفرعي الشكلي | Reading book |
| 700 1# - المدخل الاضافى - اسم شخصى | |
| 9 (RLIN) | 26591 |
| الإسم الشخصى | تومبكينز، جوان، |
| التواريخ المصاحبة للاسم | 1961- |
| الدور | مؤلف. |
| 700 1# - المدخل الاضافى - اسم شخصى | |
| 9 (RLIN) | 17088 |
| الإسم الشخصى | كامل، محمود، |
| الدور | مترجم. |
| 700 1# - المدخل الاضافى - اسم شخصى | |
| 9 (RLIN) | 16250 |
| الإسم الشخصى | راغب، نبيل، |
| الدور | مراجع. |
| 942 ## - عناصر المدخل الإضافي( كوها) | |
| مصدر التصنيف او مخطط الترفيف | Dewey Decimal Classification |
| Koha [default] item type | Book - Borrowing |
| حالة التراجع | حالة الفقد | مصدر التصنيف او خطة الترفيف | حالة تلف | ليس للاعارة | مجموعات كوها | المكان الدائم | المكان الحالي | موقع الترفيف | تاريخ الاكتساب | Source of acquisition | رقم الاستدعاء | الباركود | Date last seen | نوع الوعاء |
|---|---|---|---|---|---|---|---|---|---|---|---|---|---|---|
| Dewey Decimal Classification | Alef-Baa | Central Library | Central Library | Second Floor | 04/08/2011 | 791.082 هـ و ل | 000020427 | 15/07/2025 | Book - Borrowing |